Italienska oregelbundna verb - Statistics

Statistiche generali
  • Questo quiz è stato fatto 30 volte
  • Il punteggio medio è 20 su 30
Statistiche sulle risposte
Hint Risposta % Corretto
Lui/lei é
100%
Tu sei
100%
Noi siamo
100%
Io sono
100%
Loro sono
100%
Noi abbiamo
88%
Lui/lei ha
88%
Tu hai
88%
Io ho
88%
Voi siete
88%
Voi andate
63%
Voi avete
63%
Loro hanno
63%
Noi andiamo
50%
Lui/lei esce
50%
Tu esci
50%
Io esco
50%
Loro escono
50%
Lui/lei fa
50%
Noi facciamo
50%
Io faccio
50%
Tu fai
50%
Loro fanno
50%
Voi fate
50%
Noi usciamo
50%
Voi uscite
50%
Lui/lei va
50%
Io vado
50%
Tu vai
50%
Loro vanno
50%
Nessun quiz corrispondente trovato
Distribuzione punteggi
Percentuale di utenti per punteggio
Percentile per numero di risposta
I tuoi punteggi nel tempo
Non hai fatto questo quiz